| 000 | 00610nam a22002057a 4500 | ||
|---|---|---|---|
| 005 | 20251108172247.0 | ||
| 008 | 250721s1986 xx 000 0 ara d | ||
| 082 | 1 | 4 | _a810.905/مصط |
| 100 | 1 | _aالشكعة، مصطفى | |
| 245 | 1 | 0 |
_aالأدب الأندلسي : _bموضوعاته و فنونه / |
| 250 | _aط6 | ||
| 264 | 1 |
_aبيروت : _bدار العلم للملايين، _c1986. |
|
| 300 | _a720ص | ||
| 650 | 1 | 7 | _aالأدب العربي |
| 650 | 1 | 7 | _aالتاريخ الأدبي |
| 650 | 1 | 7 | _aالنقد الأدبي |
| 650 | 1 | 7 | _aالأندلس |
| 942 |
_2ddc _cBK |
||
| 999 |
_c74472 _d74472 |
||